000 00435nam a2200121Ia 4500
008 220216s9999 xx 000 0 und d
100 _aJacob J.[a]
245 0 _aCarbon sequestration capacity of natural rubber plantations
260 _bIRRDB Symposium on Challenges for Natural Rubber in Globalization, 15-17 September 2003, Chiang Mai, Thailand.
_c2003
650 _aCarbon sequestration
650 _aRubber plantation
942 _cBS
999 _c52491
_d52491